Name All The Other FNAF Characters - Statistics

General Stats
  • This quiz has been taken 5 times
    4 since last reset
  • The average score is 22 of 151
Answer Stats
Hint Answer % Correct
Twisted Twisted Wolf
100%
Funtime Ballora
50%
Funtime Bidybab
50%
Enemy Bouncepot
50%
Stitchwraith | Trash and the Gang Bucket Bob
50%
Vendor Candy Cadet
50%
Funtime Circus Baby
50%
Music Man DJ Music Man
50%
Daycare Attendent Eclipse
50%
Egg Baby
50%
Funtime Electrobab
50%
Vendor Fruit Punch Clown
50%
Enemy GearRat
50%
Vendor Gumball Swivelhands
50%
Mediocre Melodies Happy Frog
50%
Vendor Lemonade Clown
50%
Music Man Mini Music Man
50%
Funtime Minireena
50%
Glamrock Montgomery Gator
50%
Springlock Hybrids Monty
50%
Trash and the Gang Mr. Cando
50%
Mediocre Melodies Mr. Hippo
50%
Trash and the Gang Mr. Hugs
50%
Music Man Music Man
50%
Artificial Intelligence M.X.E.S.
50%
Trash and the Gang No. 1 Crate
50%
Mediocre Melodies Orville Elephant
50%
Trash and the Gang Pan Stan
50%
Phantom Phantom Puppet
50%
Mediocre Melodies Pigpatch
50%
Vendor Prize King
50%
Glamrock Roxanne Wolf
50%
Daycare Attendent Ruined Moondrop
50%
Daycare Attendent Ruined Sunrise
50%
Scrap Scrap Baby
50%
Enemy Security
50%
Security Puppet
50%
Shattered Shattered Montgomery Gator
50%
Shattered Shattered Roxanne Wolf
50%
Aztec Skin The Curse
50%
Toy The Puppet
50%
Arcade Skin 8-Bit Baby
0%
Winter Skin Arctic Ballora
0%
Enemy Auto Chipper
0%
Puppet Crew Bawson
0%
Music Man Big Top
0%
Welcome Show Birthday Puppy
0%
Blacklight Blacklight Montgomery Gator
0%
Blacklight Blacklight Puppet
0%
Blacklight Blacklight Roxanne Wolf
0%
Enemy Bouncer
0%
Enemy Boxbyte
0%
Heatwave Skin Broiler Baby
0%
Plushbaby | Springlock Hybrids Bub
0%
Caution Bot
0%
Enemy Chillax
0%
Enemy Chipper's Revenge
0%
Enemy Chop 'N Roll
0%
Clean-O-Vac
0%
Screampunk Skin Clockwork Ballora
0%
Screampunk Skin Clockwork Minireena
0%
Coffee Pot
0%
Enemy Colossal
0%
Enemy Crabapple
0%
Digi-Typer
0%
Welcome Show Diving Seal
0%
Enemy Dogfight
0%
Enemy Dreamgeist
0%
El Chip
0%
Enemy Eyesore
0%
F10-N4
0%
Enemy Fire Girl
0%
Enemy Flan
0%
Control Module Fortune Teller
0%
Glamrock Glamrock Mr. Hippo
0%
Enemy Glitched Enemy
0%
Enemy Glitched Enemy 2
0%
Enemy Glitched Enemy 3
0%
Glow Glow Montgomery Gator
0%
Glow Glow Puppet
0%
Enemy Goldmine
0%
Enemy Graveweed
0%
Handunit
0%
Valentine Skin Heartsick Baby
0%
High School Years High School Pigpatch
0%
High School Years High School Puppet
0%
High School Years High School Wolf
0%
Control Module Human Heads
0%
Jackie
0%
Halloween Jack-O-Moon
0%
Enemy Jangle
0%
Welcome Show Jugband Frogs
0%
Welcome Show Jugband Hippo
0%
Welcome Show Jugband Monty
0%
Welcome Show Juggling Duck
0%
Puppet Crew Kit
0%
Welcome Show Lasso Pig
0%
Control Module Little Joe
0%
Control Module Magician
0%
Mannequins
0%
Enemy Mechrab
0%
Enemy Meringue
0%
Enemy Metalman
0%
Daycare Attendent Moondrop
0%
Welcome Show Mr. Rocktapus
0%
Mediocre Melodies Mystic Hippo
0%
Enemy Neon
0%
Neon Jukebox
0%
Nightmare Nightmarionne
0%
Nurse Dollie
0%
Old Man Consequences
0%
Paperpal Paper Buddy
0%
Enemy P. Goon
0%
Springlock Hybrids Pirate Captain
0%
Enemy Porkpatch
0%
Puppet Crew Puppet Roxy
0%
Enemy PurpleGeist
0%
Purpleguy
0%
Enemy Quarry
0%
Puppet Crew Renard
0%
Welcome Show Ringmaster Rat
0%
Rockstar Rockstar Foxy's Parrot
0%
Enemy Rot
0%
Ruined Ruined DJ Music Man
0%
Ruined Ruined Mini Music Man
0%
Ruined Ruined Montgomery Gator
0%
Ruined Ruined Roxanne Wolf
0%
Enemy Scott Cawthon
0%
Enemy Scott's Head
0%
Enemy Seagoon
0%
Enemy Seaweed
0%
Shadow Shadow Puppet
0%
Mascot Suits Sleepy Moon
0%
Enemy Snowcone
0%
Enemy Soulbrawler
0%
Enemy Souldozer
0%
Star Orphans
0%
Daycare Attendent Sunrise
0%
Enemy Supergoon
0%
Welcome Show Swing Bee
0%
The Protomimic
0%
Enemy Thug Life Chipper
0%
Tiger Rock
0%
Enemy Tombstack
0%
Enemy Totemole
0%
Enemy VR Sisters
0%
Welcome Show Welcome Show Camera
0%
Mascot Suits White Tiger
0%
Welcome Show Xylophone Snake
0%
No matching quizzes found
Score Distribution
Percent of People with Each Score
Percentile by Number Answered
Your Score History
You have not taken this quiz since the last reset